[Event "AUTO-ADV-366"]
[Site "http://www.queenalice.com/game.php?id=153790"]
[Date "2007.1.13"]
[Round "1"]
[White "Yu_Gi_Oh_master"]
[Black "doublecheck"]
[Result "0-1"]
[WhiteElo "1581"]
[BlackElo "1966"]

1. e4 c6 2. d4 d5 3. Nc3 dxe4 4. Nxe4 Nd7 5. Nf3 Ngf6 6. Bd3 Nxe4 7. Bxe4 Nf6 8.
Bd3 Bg4 9. Be2 e6 10. Bf4 Bd6 11. Bg3 Bxg3 12. fxg3 Qb6 13. b3 O-O-O 14. c3 Bxf3
15. Bxf3 e5 16. Qd3 e4 17. Bxe4 Nxe4 18. O-O Nf6 19. Qf5+ Kb8 20. Qf4+ Qc7 21.
Rae1 Qxf4 22. Rxf4 Rhe8 23. Rff1 Rxe1 24. Rxe1 Re8 25. Rxe8+ Nxe8 26. Kf2 Kc7
27. Ke3 Kd6 28. Kf4 Nc7 29. Ke4 b5 30. h3 a5 31. g4 Nd5 32. c4 Nc3+ 33. Kd3 Nxa2
34. Ke4 a4 35. bxa4 bxa4 36. Kd3 Nb4+ 37. Kc3 a3 38. Kb3 a2 39. Kb2 a1=N 40.
Kxa1 Nc2+ 41. Kb2 Ne3 42. g3 Nxc4+ 43. Kc3 Kd5 44. Kd3 Nd6 45. g5 Nb5 0-1

[Event "AUTO-ADV-366"]
[Site "http://www.queenalice.com/game.php?id=153791"]
[Date "2007.1.13"]
[Round "1"]
[White "doublecheck"]
[Black "Yu_Gi_Oh_master"]
[Result "1-0"]
[WhiteElo "1968"]
[BlackElo "1579"]

1. d4 Nf6 2. Nf3 d5 3. c4 e6 4. Nc3 Nc6 5. Bg5 dxc4 6. e3 Be7 7. Bxc4 Bd7 8. O-O
O-O 9. Rc1 Na5 10. Bd3 Nc6 11. Bb1 Nd5 12. Nxd5 exd5 13. Bxe7 Qxe7 14. Qb3 Qd6
15. Rc5 Be6 16. Ng5 h6 17. Nxe6 fxe6 18. Qxb7 Ne7 19. Qxc7 Qxc7 20. Rxc7 Nf5 21.
Bxf5 Rxf5 22. Rfc1 Kh7 23. Re7 Rff8 24. Rxe6 Rac8 25. Rec6 Rb8 26. b3 Rb7 27.
Rc7 Rbb8 28. Rxa7 Rbc8 29. Rac7 Ra8 30. R1c2 Kh8 31. g3 Ra5 32. R7c5 Rxc5 33.
dxc5 Rc8 34. c6 Kg8 35. Rc5 Kf7 36. Rxd5 Rxc6 37. Ra5 Rc1+ 38. Kg2 Ra1 39. h4
Kf6 40. b4 Rb1 41. b5 1-0

[Event "welcome.."]
[Site "http://www.queenalice.com/game.php?id=172127"]
[Date "2007.2.21"]
[Round "-"]
[White "doublecheck"]
[Black "mariaalleycat"]
[Result "1-0"]
[WhiteElo "2076"]
[BlackElo "1821"]

1. d4 d5 2. Nf3 Nc6 3. c4 Nf6 4. Nc3 e6 5. cxd5 exd5 6. Bg5 Be7 7. e3 Bd7 8.
Bxf6 Bxf6 9. Nxd5 O-O 10. Bd3 Bg4 11. h3 Bh5 12. Nf4 Bxf3 13. Qxf3 Re8 14. O-O
a6 15. Rac1 Ne7 16. Nh5 1-0

[Event "Challenge"]
[Site "http://www.queenalice.com/game.php?id=173375"]
[Date "2007.2.24"]
[Round "-"]
[White "moonspell"]
[Black "doublecheck"]
[Result "0-1"]
[WhiteElo "1919"]
[BlackElo "1944"]

1. d4 c6 2. Nf3 d5 3. e3 Nf6 4. Bd3 Bg4 5. Nbd2 Nbd7 6. O-O e5 7. dxe5 Nxe5 8.
Be2 Qc7 9. b3 Nxf3+ 10. Nxf3 Bd6 11. Bb2 Bxf3 12. Bxf3 Bxh2+ 13. Kh1 Be5 14.
Bxe5 Qxe5 0-1

[Event "Let's Play Chess!"]
[Site "http://www.queenalice.com/game.php?id=190885"]
[Date "2007.4.2"]
[Round "-"]
[White "UltraChessMaster"]
[Black "doublecheck"]
[Result "0-1"]
[WhiteElo "1071"]
[BlackElo "1964"]

1. b3 a5 2. g3 h5 3. h4 Nf6 4. a4 Nc6 5. Nf3 e5 6. Bb2 e4 7. Nd4 d5 8. Bg2 Bc5
9. f3 Nxd4 10. Bxd4 Bxd4 11. c3 Be5 12. fxe4 Bxg3+ 13. Kf1 dxe4 14. b4 Ng4 15.
Rh3 Ne3+ 16. dxe3 Qxd1# 0-1

[Event "Let's Play Chess!"]
[Site "http://www.queenalice.com/game.php?id=193712"]
[Date "2007.4.8"]
[Round "-"]
[White "Sassi"]
[Black "doublecheck"]
[Result "0-1"]
[WhiteElo "1656"]
[BlackElo "1985"]

1. e4 c6 2. Nf3 d5 3. exd5 cxd5 4. d4 Nf6 5. Nc3 Nc6 6. Be2 Bg4 7. h3 Bxf3 8.
Bxf3 e6 9. O-O Bd6 10. Be3 O-O 11. Re1 Rc8 12. a3 a6 13. Qd2 Qc7 14. b4 Nxb4 15.
axb4 Bxb4 16. Nb5 Bxd2 17. Nxc7 Bxe1 18. Rxe1 Rxc7 19. Rb1 b5 20. Rb2 Rfc8 21.
Bd1 Ne4 22. Rb3 Rc3 23. Rb2 Ra3 24. Rb1 Nc3 25. Rc1 Nxd1 26. Rxd1 Rxc2 27. Bc1
Ra1 0-1

[Event "Let's Play Chess!"]
[Site "http://www.queenalice.com/game.php?id=195496"]
[Date "2007.4.12"]
[Round "-"]
[White "Phil_Corrigan"]
[Black "doublecheck"]
[Result "0-1"]
[WhiteElo "1540"]
[BlackElo "2049"]

1. c4 c6 2. Nc3 d5 3. d4 Nf6 4. g3 g6 5. Bg2 dxc4 6. Nf3 Bg7 7. O-O O-O 8. a4
Qa5 9. Qc2 Na6 10. Bd2 Nb4 11. Qc1 Rd8 12. Na2 Nxa2 13. Rxa2 Qd5 14. Bc3 Qd6 15.
Ne5 Nd5 16. Nxc4 Nxc3 17. bxc3 Qe6 18. d5 cxd5 19. Rd1 Rd7 20. Na3 d4 21. c4 Qe5
22. c5 Rc7 23. Rc2 Bf5 24. Rc4 Rac8 25. c6 bxc6 26. Bxc6 Rxc6 27. Rxc6 Rxc6 0-1

[Event "Nika"]
[Site "http://www.queenalice.com/game.php?id=196898"]
[Date "2007.4.14"]
[Round "-"]
[White "Sirius"]
[Black "doublecheck"]
[Result "0-1"]
[WhiteElo "1498"]
[BlackElo "1983"]

1. e4 c6 2. d4 d5 3. e5 Bf5 4. h3 e6 5. Nf3 c5 6. c3 Nc6 7. Na3 a6 8. Be3 cxd4
9. Bxd4 Bxa3 10. bxa3 Nge7 11. Be2 Nxd4 12. Nxd4 O-O 13. O-O Qc7 14. Nxf5 Nxf5
15. Qb3 Qxe5 16. Bd3 Nd6 17. Rae1 Qf6 18. Bb1 Rac8 19. Qc2 g6 20. Qa4 Rc4 21.
Qd7 Rd8 22. Qxd8+ Qxd8 23. Re3 Qa5 24. Bd3 Rxc3 25. h4 Qxa3 26. Ra1 Rxd3 27.
Rxd3 Qxd3 28. g4 Qd4 29. h5 Qxa1+ 30. Kg2 Qe1 31. Kg3 d4 32. hxg6 hxg6 33. a4 d3
0-1

[Event "Let's Play Chess!"]
[Site "http://www.queenalice.com/game.php?id=199932"]
[Date "2007.4.22"]
[Round "-"]
[White "chalachalom"]
[Black "doublecheck"]
[Result "0-1"]
[WhiteElo "1847"]
[BlackElo "1972"]

1. e4 c6 2. d4 d5 3. exd5 cxd5 4. c4 Nf6 5. Nc3 Nc6 6. Bg5 Be6 7. c5 Ne4 8. Bf4
g5 9. Nxe4 dxe4 10. Be3 Bg7 11. Bb5 Qa5+ 12. Qd2 Qxb5 13. d5 O-O-O 14. Ne2 Rxd5
0-1

[Event "1.d4, please"]
[Site "http://www.queenalice.com/game.php?id=199994"]
[Date "2007.4.21"]
[Round "-"]
[White "doublecheck"]
[Black "chalachalom"]
[Result "1-0"]
[WhiteElo "2010"]
[BlackElo "1786"]

1. d4 Nf6 2. Nf3 g6 3. Bf4 Bg7 4. e3 c5 5. Nbd2 Qa5 6. Bd3 d6 7. c3 Nbd7 8. e4
O-O 9. O-O cxd4 10. cxd4 Qh5 11. Re1 e5 12. Bg3 g5 13. Nc4 Ne8 14. h3 b5 15. Ne3
a6 16. Nf5 Bb7 17. Be2 Qg6 18. Ne7+ 1-0

[Event "Let's Play Chess!"]
[Site "http://www.queenalice.com/game.php?id=200667"]
[Date "2007.4.22"]
[Round "-"]
[White "doublecheck"]
[Black "stephanie"]
[Result "1-0"]
[WhiteElo "2082"]
[BlackElo "1144"]

1. Nf3 d5 2. d4 Nf6 3. c4 e6 4. Nc3 Be7 5. Bg5 h6 6. Bh4 O-O 7. e3 b6 8. Bd3 Bb7
9. O-O Nbd7 10. Qe2 c5 11. Rfd1 cxd4 12. Nxd4 Nc5 13. Bc2 Qc8 14. Bxf6 Bxf6 15.
cxd5 exd5 16. Rac1 Qb8 17. b4 1-0

[Event "AUTO-ADV-366"]
[Site "http://www.queenalice.com/game.php?id=202604"]
[Date "2007.4.26"]
[Round "2"]
[White "Savage_king"]
[Black "doublecheck"]
[Result "0-1"]
[WhiteElo "1918"]
[BlackElo "2038"]

1. e4 c6 2. d4 d5 3. f3 e6 4. Nc3 Bb4 5. Bd2 Ne7 6. a3 Ba5 7. Be2 O-O 8. Nh3 Bb6
9. Be3 dxe4 10. fxe4 e5 11. Na4 Bxd4 12. Bxd4 exd4 13. Qd3 Bxh3 14. Qxh3 Qa5+
0-1

[Event "AUTO-ADV-366"]
[Site "http://www.queenalice.com/game.php?id=202605"]
[Date "2007.4.26"]
[Round "2"]
[White "doublecheck"]
[Black "Savage_king"]
[Result "1-0"]
[WhiteElo "2066"]
[BlackElo "1911"]

1. Nf3 Nf6 2. d4 g6 3. Bf4 Bg7 4. e3 O-O 5. h3 d6 6. Be2 Nh5 7. Bh2 f5 8. c4 f4
9. Nc3 c6 10. Qd2 fxe3 11. Qxe3 Na6 12. O-O Nf6 13. a3 Nc7 14. Rfe1 Re8 15. Rad1
Bf5 16. d5 c5 17. b4 b6 18. Bd3 Bxd3 19. Qxd3 Nd7 20. Ne4 cxb4 21. axb4 Na6 22.
Nfg5 Nxb4 23. Qb1 a5 24. Nxh7 Nf6 25. Neg5 Nxh7 26. Ne6 Nf8 27. Nxd8 Raxd8 28.
Bf4 Bf6 29. Bd2 Kg7 30. Bxb4 axb4 31. Qxb4 Nd7 32. Re2 Bd4 33. Rxd4 1-0

[Event "AUTO-ADV-366"]
[Site "http://www.queenalice.com/game.php?id=202606"]
[Date "2007.4.26"]
[Round "2"]
[White "llo_oll"]
[Black "doublecheck"]
[Result "0-1"]
[WhiteElo "2169"]
[BlackElo "2131"]

1. Nf3 Nf6 2. c4 c6 3. d4 d5 4. e3 e6 5. Nc3 Nbd7 6. Bd3 dxc4 7. Bxc4 b5 8. Bd3
Bb7 9. e4 b4 10. Na4 c5 11. e5 Nd5 12. O-O cxd4 13. Re1 g6 14. Bg5 Qa5 15. Nxd4
a6 16. Rc1 Bg7 17. Nc6 Bxc6 18. Rxc6 O-O 19. Bc4 h6 20. Bh4 b3 21. Bxb3 Nxe5 22.
Rd6 Nd3 23. Re4 N3f4 24. Rc4 Rfc8 25. Rdc6 Rxc6 26. Rxc6 g5 27. Bg3 Rd8 28. Rc5
Qb4 29. Rc4 Qe7 30. Qe1 Nd3 31. Qa5 N5f4 32. Kf1 Qd7 33. Bc2 Qd5 34. Qxd5 exd5
35. Rc7 Re8 36. f3 Be5 37. Bxd3 Nxd3 38. Bxe5 Rxe5 39. g3 Re1+ 40. Kg2 Re2+ 41.
Kg1 Ne5 42. f4 Nf3+ 0-1

[Event "AUTO-ADV-366"]
[Site "http://www.queenalice.com/game.php?id=202607"]
[Date "2007.4.26"]
[Round "2"]
[White "doublecheck"]
[Black "llo_oll"]
[Result "1-0"]
[WhiteElo "2105"]
[BlackElo "2217"]

1. Nf3 d5 2. d4 Nf6 3. c4 e6 4. Nc3 Bb4 5. Bg5 O-O 6. e3 c5 7. cxd5 exd5 8. dxc5
Nbd7 9. Qd4 Bxc5 10. Qd2 h6 11. Bh4 Nb6 12. Rd1 Qe7 13. Be2 Bf5 14. O-O Rfd8 15.
Nd4 Bg6 16. Rfe1 Nc4 17. Qc1 Nb6 18. Bf3 Bb4 19. a3 Bxc3 20. Qxc3 Rac8 21. Qb3
Nc4 22. Be2 a6 23. e4 Bxe4 24. Bxc4 dxc4 25. Qe3 Re8 26. f3 g5 27. Bg3 c3 28.
fxe4 Nxe4 29. bxc3 Qxa3 30. Qf3 Nxg3 31. hxg3 Rxe1+ 32. Rxe1 a5 33. Nf5 Qc5+ 34.
Kh2 Rf8 35. Nxh6+ Kg7 36. Qh5 Qd5 37. Rf1 Rh8 38. Rxf7+ Qxf7 39. Qxf7+ Kxh6 40.
Qxb7 g4 41. Qa6+ Kg7+ 42. Kg1 Rh5 43. c4 Re5 44. c5 Re1+ 45. Kf2 Re7 46. Qxa5
Rf7+ 47. Ke3 Re7+ 48. Kf4 Re6 49. Qc7+ Kg6 50. Qd6 Rxd6 51. cxd6 Kf6 52. Kxg4
Ke6 53. Kg5 Kxd6 54. Kf6 Kd5 55. g4 Ke4 56. g5 1-0

[Event "Challenge"]
[Site "http://www.queenalice.com/game.php?id=213256"]
[Date "2007.5.19"]
[Round "-"]
[White "headhunter"]
[Black "doublecheck"]
[Result "1/2-1/2"]
[WhiteElo "2196"]
[BlackElo "2084"]

1. e4 c6 2. d4 d5 3. Nc3 dxe4 4. Nxe4 Nd7 5. Nf3 Ngf6 6. Nxf6+ Nxf6 7. Bc4 Bf5
8. O-O e6 9. Bf4 Bg4 10. c3 Bd6 11. Bxd6 Qxd6 12. h3 Bh5 13. Be2 O-O 14. Ne5
Bxe2 15. Qxe2 c5 16. Rfd1 Rad8 17. Qb5 b6 18. Qe2 Qc7 19. dxc5 Qxc5 20. Rxd8
Rxd8 21. Rd1 Rxd1+ 22. Qxd1 Qd5 23. Qxd5 Nxd5 24. Nc6 a5 25. c4 Nb4 26. Nxb4
axb4 27. Kf1 Kf8 28. Ke2 Ke7 29. Kd3 Kd6 30. Kd4 e5+ 31. Ke4 f6 32. g4 g6 33.
Ke3 Kc5 34. Kd3 h6 35. h4 h5 36. f3 f5 37. g5 Kc6 38. Ke2 Kc5 39. Kd3 Kc6 40.
Ke2 Kc5 41. Kd3 1/2-1/2

[Event "Challenge"]
[Site "http://www.queenalice.com/game.php?id=222048"]
[Date "2007.6.7"]
[Round "-"]
[White "doublecheck"]
[Black "corinthians2"]
[Result "1-0"]
[WhiteElo "2051"]
[BlackElo "2035"]

1. Nf3 Nf6 2. d4 e6 3. c4 b6 4. g3 Ba6 5. Qc2 c5 6. d5 exd5 7. cxd5 Bb7 8. Bg2
Bxd5 9. Nc3 Bb7 10. O-O d5 11. Rd1 Be7 12. e4 d4 13. e5 Nd5 14. Nxd4 Nb4 15.
Qa4+ Nd7 16. Nf5 Bxg2 17. Nxg7+ Kf8 18. Rxd7 Qxd7 19. Qxd7 Bc6 20. Qc7 Bd8 21.
Qd6+ Kxg7 22. Bh6+ 1-0

[Event "Challenge"]
[Site "http://www.queenalice.com/game.php?id=251745"]
[Date "2007.8.6"]
[Round "-"]
[White "corinthians2"]
[Black "doublecheck"]
[Result "0-1"]
[WhiteElo "2076"]
[BlackElo "2120"]

1. d4 c6 2. e4 d5 3. exd5 cxd5 4. c4 Nf6 5. Nc3 Nc6 6. Nf3 Bg4 7. cxd5 Nxd5 8.
Qb3 Bxf3 9. gxf3 e6 10. Qxb7 Nxd4 11. Bb5+ Nxb5 12. Qc6+ Ke7 13. Qxb5 Qd7 14.
Nxd5+ Qxd5 15. Bg5+ f6 16. Qxd5 exd5 17. Be3 Ke6 18. O-O-O Bb4 19. a3 Rhc8+ 20.
Kb1 Bc5 21. Rhe1 Bxe3 22. Rxe3+ Kd6 23. Rde1 Rc4 24. Re7 Rf4 25. Rxg7 Rxf3 26.
Ree7 Rxf2 27. Rxh7 Rb8 28. Rb7 Rxb7 29. Rxb7 a5 30. Ra7 Rxh2 31. Rxa5 f5 32. Rb5
f4 33. Rb3 Ke5 34. Kc1 Ke4 35. Kd1 f3 36. Ke1 Re2+ 37. Kf1 d4 38. Rb8 d3 0-1

[Event "Challenge"]
[Site "http://www.queenalice.com/game.php?id=251747"]
[Date "2007.8.6"]
[Round "-"]
[White "doublecheck"]
[Black "corinthians2"]
[Result "1-0"]
[WhiteElo "2088"]
[BlackElo "2157"]

1. d4 c5 2. d5 e5 3. e4 d6 4. Nc3 Be7 5. Bb5+ Nd7 6. a4 Bg5 7. Nf3 Bxc1 8. Qxc1
Nf6 9. O-O O-O 10. a5 Ne8 11. Qe3 g6 12. Nd2 Ng7 13. Nc4 Qe7 14. f4 f6 15. a6
bxa6 16. Bxd7 Qxd7 17. fxe5 fxe5 18. Rxf8+ Kxf8 19. Rf1+ Kg8 20. Qf3 Bb7 21.
Nxd6 Bxd5 22. exd5 Qxd6 23. Ne4 Qc7 24. Nf6+ Kh8 25. Ne8 1-0